[Event "Titled Tue 1st Jul Early"]
[Site "chess.com INT"]
[Date "2025.07.01"]
[Round "1"]
[White "Xie, Bryan"]
[Black "Van Baar, Esper"]
[Result "1-0"]
[WhiteTitle "FM"]
[BlackTitle "FM"]
[WhiteElo "2358"]
[BlackElo "2232"]
[WhiteFideId "30941296"]
[BlackFideId "1049321"]
[EventDate "2025.07.01"]

1. e4 e6 2. d4 d5 3. Nc3 dxe4 4. Nxe4 Nd7 5. Nf3 Ngf6 6. Bd3 b6 7. O-O Bb7 8.
Re1 Nxe4 9. Bxe4 Bxe4 10. Rxe4 Nf6 11. Re1 Be7 12. c4 O-O 13. Bg5 h6 14. Bh4 c5
15. d5 Nxd5 16. cxd5 Bxh4 17. dxe6 Qxd1 18. Raxd1 Bf6 19. e7 Rfe8 20. Rd7 Bxb2
21. Rc7 g5 22. Re2 Bf6 23. Nd2 b5 24. Rxc5 Rxe7 25. Rxe7 Bxe7 26. Rxb5 Rd8 27.
Nf1 Rd7 28. h3 Kg7 29. Ne3 Kg6 30. g4 Rc7 31. Kg2 Bc5 32. Nd5 Rc6 33. a4 Bb6 34.
Ne7+ 1-0

[Event "Titled Tue 1st Jul Early"]
[Site "chess.com INT"]
[Date "2025.07.01"]
[Round "1"]
[White "Nguyen Hong Nhung"]
[Black "Bjerre, Jonas Buhl"]
[Result "0-1"]
[WhiteTitle "WFM"]
[BlackTitle "GM"]
[WhiteElo "2227"]
[BlackElo "2655"]
[WhiteFideId "12412201"]
[BlackFideId "1444948"]
[EventDate "2025.07.01"]

1. e4 c5 2. Nc3 g6 3. f4 Bg7 4. Nf3 Nc6 5. Bc4 e6 6. O-O Nge7 7. d3 O-O 8. Qe1
d5 9. Bb3 Nd4 10. Nxd4 cxd4 11. Ne2 dxe4 12. dxe4 b6 13. Ng3 Ba6 14. Rf3 Bb7 15.
Bd2 Kh8 16. Rd1 a5 17. a4 Qc7 18. Rf2 Rae8 19. Kh1 f5 20. exf5 exf5 21. Qf1 Nd5
22. Qb5 Ne3 23. Bxe3 dxe3 24. Re2 Rd8 25. Rde1 Rd2 26. c3 Qxf4 27. Qxb6 Rxe2 28.
Rxe2 Ba8 29. Rxe3 Qf2 0-1

[Event "Titled Tue 1st Jul Early"]
[Site "chess.com INT"]
[Date "2025.07.01"]
[Round "1"]
[White "Eswaran, Ashritha"]
[Black "Castillo Pena, Patricia Evarista"]
[Result "1-0"]
[WhiteTitle "FM"]
[BlackTitle "WFM"]
[WhiteElo "2236"]
[BlackElo "1909"]
[WhiteFideId "2080788"]
[BlackFideId "6412106"]
[EventDate "2025.07.01"]

1. e4 c5 2. Nf3 d6 3. Nc3 Nf6 4. e5 dxe5 5. Nxe5 a6 6. a4 Nbd7 7. Nc4 e5 8. a5
b5 9. axb6 Nxb6 10. Nxb6 Qxb6 11. Bc4 Be6 12. d3 Bxc4 13. dxc4 Be7 14. O-O O-O
15. b3 Rfd8 16. Nd5 Nxd5 17. cxd5 Qd6 18. c4 Bf6 19. Bb2 Rab8 20. Qd3 e4 21. Qc2
Bxb2 22. Qxb2 Rb4 23. Ra3 Ra8 24. Rfa1 Rab8 25. Qc3 Qb6 26. Rxa6 Qb7 27. Ra7 Qc8
28. R1a3 Qg4 29. h3 Qd1+ 30. Kh2 h5 31. Qe5 Qd4 32. Qc7 Rf8 33. Qf4 Qc3 34. d6
Rxb3 35. Rxb3 Qxb3 36. Qxe4 Qb6 37. Rd7 Rd8 38. Rxd8+ Qxd8 39. Qe7 1-0

[Event "Titled Tue 1st Jul Early"]
[Site "chess.com INT"]
[Date "2025.07.01"]
[Round "1"]
[White "Moskvin, Anatoly"]
[Black "Rabin, Evan"]
[Result "1-0"]
[WhiteTitle "CM"]
[WhiteElo "2192"]
[BlackElo "1945"]
[WhiteFideId "24199990"]
[BlackFideId "2028670"]
[EventDate "2025.07.01"]

1. e4 Nf6 2. Nc3 d5 3. e5 d4 4. exf6 dxc3 5. fxg7 cxd2+ 6. Bxd2 Bxg7 7. Qh5 Qd6
8. Nf3 Qg6 9. Qc5 Qd6 10. Qg5 Qg6 11. O-O-O Be6 12. Qb5+ Nd7 13. Bd3 Qf6 14. Bg5
Bh6 15. h4 Bxg5+ 16. hxg5 Qf4+ 17. Kb1 O-O-O 18. Rh4 Qd6 19. Ra4 Qb6 20. Qxb6
axb6 21. Ra8+ Nb8 22. Ne5 c5 23. Rh1 Kc7 24. Kc1 Nc6 25. Rxd8 Kxd8 26. Nxc6+
bxc6 27. Rxh7 Rxh7 28. Bxh7 Ke8 29. Be4 Kd7 30. f4 Kd6 31. Kd2 c4 32. a3 Kc5 33.
Ke3 b5 34. f5 Bd7 35. Kf4 Kd4 36. c3+ Kc5 37. Ke5 e6 38. f6 Be8 39. g6 fxg6 40.
Kxe6 1-0

[Event "Titled Tue 1st Jul Early"]
[Site "chess.com INT"]
[Date "2025.07.01"]
[Round "1"]
[White "Lu, Xiahan (Luna)"]
[Black "Mora Munoz, Alejandro"]
[Result "0-1"]
[WhiteTitle "WCM"]
[BlackTitle "FM"]
[WhiteElo "1896"]
[BlackElo "2147"]
[WhiteFideId "4317076"]
[BlackFideId "4469844"]
[EventDate "2025.07.01"]

1. e4 c5 2. Nf3 d6 3. d4 cxd4 4. Nxd4 Nf6 5. Nc3 a6 6. Be3 Ng4 7. Qd2 Nxe3 8.
Qxe3 g6 9. O-O-O Bg7 10. f4 O-O 11. Be2 Nc6 12. Nxc6 bxc6 13. g4 Rb8 14. f5 Qa5
15. a3 Bd7 16. h4 Rxb2 17. Kxb2 Bxc3+ 18. Qxc3 Rb8+ 19. Qb3 Rxb3+ 20. cxb3 Qe5+
21. Ka2 Qxe4 22. Bc4 d5 23. Bd3 Qg2+ 24. Kb1 Qxg4 25. fxg6 fxg6 26. h5 Bf5 27.
hxg6 hxg6 28. Bxf5 Qxf5+ 29. Kb2 Qe5+ 30. Kc2 Qe4+ 31. Kb2 e5 32. Rde1 Qd4+ 33.
Kc2 e4 34. Rhg1 Kg7 35. Rg2 Qd3+ 36. Kb2 e3 37. Rge2 d4 38. b4 Qc3+ 39. Ka2 a5
40. bxa5 c5 41. a6 Qc4+ 42. Kb2 Qxa6 43. Rc2 d3 44. Rxc5 Qb6+ 0-1

[Event "Titled Tue 1st Jul Early"]
[Site "chess.com INT"]
[Date "2025.07.01"]
[Round "1"]
[White "Teterev, Vitaly"]
[Black "Benmesbah, Natacha"]
[Result "1-0"]
[WhiteTitle "GM"]
[BlackTitle "WGM"]
[WhiteElo "2248"]
[BlackElo "2237"]
[WhiteFideId "13501429"]
[BlackFideId "642002"]
[EventDate "2025.07.01"]

1. e4 c6 2. d4 d5 3. exd5 cxd5 4. Bd3 Nc6 5. c3 Nf6 6. h3 e6 7. Nf3 Be7 8. O-O
Qc7 9. Re1 a6 10. a4 O-O 11. Ne5 h6 12. Bf4 Bd6 13. Nd2 Rb8 14. Qe2 Bd7 15. b4
Ne7 16. Rec1 Rfc8 17. Nb3 Be8 18. a5 Qd8 19. Nc5 Nc6 20. Qe3 Bf8 21. Nxc6 Bxc6
22. Bxb8 Rxb8 23. Rcb1 Qe8 24. Qe2 Rc8 25. Rb2 Nd7 26. Nxd7 Qxd7 27. b5 axb5 28.
Bxb5 Bxb5 29. Qxb5 Qxb5 30. Rxb5 Rc7 31. Rb3 g6 32. Rab1 Bd6 33. Rxb7 Rxc3 34.
Ra1 Rc8 35. a6 Ra8 36. a7 Kg7 37. Ra6 Bf4 38. g3 Bd2 39. Rb8 1-0

[Event "Titled Tue 1st Jul Early"]
[Site "chess.com INT"]
[Date "2025.07.01"]
[Round "1"]
[White "Garcia Correa, Jose Ricardo"]
[Black "Karpenko, Anton"]
[Result "0-1"]
[WhiteTitle "FM"]
[BlackTitle "CM"]
[WhiteElo "2103"]
[BlackElo "2218"]
[WhiteFideId "5101832"]
[BlackFideId "34374353"]
[EventDate "2025.07.01"]

1. e4 c5 2. Nf3 Nc6 3. d4 cxd4 4. Nxd4 g6 5. Nxc6 bxc6 6. Qd4 Nf6 7. e5 Ng8 8.
e6 Nf6 9. exf7+ Kxf7 10. Nc3 Bg7 11. Bg5 Rf8 12. Qh4 Kg8 13. Bd3 Qb6 14. Rb1 Ba6
15. O-O Bxd3 16. cxd3 Rab8 17. Ne4 Rf7 18. Be3 Qc7 19. Ng5 Rff8 20. Rfe1 h6 21.
Nf3 g5 22. Qc4+ Nd5 23. Bd4 Rb4 24. Qc5 d6 25. Qxa7 Qxa7 26. Bxa7 c5 27. d4 c4
28. Nd2 Ra8 29. a3 Rb7 30. Bc5 dxc5 31. dxc5 Rc8 32. Nxc4 Rxc5 33. b3 Nc3 34.
Rbc1 Rxb3 35. Ne3 Ne2+ 36. Rxe2 Rxc1+ 0-1

[Event "Titled Tue 1st Jul Early"]
[Site "chess.com INT"]
[Date "2025.07.01"]
[Round "1"]
[White "Karvatskyi, Oleksii"]
[Black "Gandhi, Anish"]
[Result "1-0"]
[WhiteTitle "CM"]
[BlackTitle "CM"]
[WhiteElo "2258"]
[BlackElo "2028"]
[WhiteFideId "14191059"]
[BlackFideId "5061032"]
[EventDate "2025.07.01"]

1. Nc3 Nf6 2. e4 e5 3. d4 exd4 4. Qxd4 Nc6 5. Qd3 Bb4 6. Bd2 Rf8 7. O-O-O d6 8.
f4 Bg4 9. Nf3 Qe7 10. h3 Bxf3 11. Qxf3 O-O-O 12. Bd3 Kb8 13. Kb1 h6 14. Rhe1
Rfe8 15. Nd5 Nxd5 16. exd5 Nd4 17. Qf2 Qf6 18. Rxe8 Rxe8 19. Bxb4 Nf5 20. Bc3
Qg6 21. g4 1-0

[Event "Titled Tue 1st Jul Early"]
[Site "chess.com INT"]
[Date "2025.07.01"]
[Round "1"]
[White "Pasti, Aron"]
[Black "Lazavik, Denis"]
[Result "0-1"]
[WhiteTitle "IM"]
[BlackTitle "GM"]
[WhiteElo "2376"]
[BlackElo "2580"]
[WhiteFideId "785857"]
[BlackFideId "13515110"]
[EventDate "2025.07.01"]

1. e4 c5 2. Nf3 d6 3. d4 cxd4 4. Nxd4 Nf6 5. Nc3 a6 6. h3 e5 7. Nde2 h5 8. g3
Be7 9. Bg2 b5 10. O-O Nbd7 11. Bg5 Bb7 12. a4 b4 13. Bxf6 Nxf6 14. Nd5 Bxd5 15.
exd5 O-O 16. Qd2 Rc8 17. Qxb4 Rxc2 18. Nc1 Qb8 19. Nd3 e4 20. Bxe4 Qxb4 21. Nxb4
Rc4 22. Nxa6 Nxe4 23. b4 Bf6 24. Rac1 Rxc1 25. Rxc1 Nc3 26. Kg2 Nxa4 27. Rc6 Nc3
28. Rxd6 Rd8 29. Rxd8+ Bxd8 30. d6 Nb5 31. d7 Kf8 32. g4 hxg4 33. hxg4 Ke7 34.
Nc5 Bb6 35. Na4 Bd4 36. Kf3 Kxd7 37. Ke4 Bxf2 0-1

[Event "Titled Tue 1st Jul Early"]
[Site "chess.com INT"]
[Date "2025.07.01"]
[Round "1"]
[White "Akhmedov, David"]
[Black "Zilleruelo Irizarry, Diego"]
[Result "1-0"]
[WhiteTitle "FM"]
[BlackTitle "CM"]
[WhiteElo "2447"]
[BlackElo "2085"]
[WhiteFideId "34220194"]
[BlackFideId "3101460"]
[EventDate "2025.07.01"]

1. d4 d5 2. c4 e6 3. Nf3 a6 4. cxd5 exd5 5. Nc3 c6 6. Bf4 Bd6 7. e3 Ne7 8. Bd3
Bxf4 9. exf4 Bf5 10. O-O O-O 11. Re1 Bxd3 12. Qxd3 Nd7 13. Re2 Nf6 14. Rae1 Ng6
15. g3 Qb6 16. f5 Nh8 17. Ne5 Rad8 18. h4 Nd7 19. Nxd7 Rxd7 20. f6 Rd6 21. fxg7
Kxg7 22. h5 Qd8 23. Re7 Rf6 24. Rxb7 Qd6 25. Qxa6 Re6 26. Rxe6 Qxe6 27. Qe2 Qf5
28. Qe5+ Qxe5 29. dxe5 Kh6 30. g4 Kg5 31. f3 Kf4 32. Kf2 Kxe5 33. b4 Kd4 34.
Ne2+ Kc4 35. Rb6 Ra8 36. Rxc6+ Kxb4 37. Rh6 Kc4 38. Rxh7 d4 39. Nf4 d3 40. Ke3
Re8+ 41. Kd2 Rd8 42. g5 Kb4 43. g6 fxg6 44. Nxg6 Nxg6 45. hxg6 Rg8 46. Rh4+ Kc5
47. Rg4 Kd5 48. Kxd3 Ke5 49. a4 Kf5 50. g7 Kf6 51. a5 Kf7 52. a6 Rd8+ 53. Kc4
Kg8 54. f4 Rc8+ 55. Kb5 Rb8+ 56. Ka5 1-0

[Event "Titled Tue 1st Jul Early"]
[Site "chess.com INT"]
[Date "2025.07.01"]
[Round "1"]
[White "Sheehan, Ethan"]
[Black "Barak, Gil"]
[Result "1-0"]
[BlackTitle "CM"]
[WhiteElo "2366"]
[BlackElo "2195"]
[WhiteFideId "30943965"]
[BlackFideId "2812690"]
[EventDate "2025.07.01"]

1. Nf3 d5 2. d4 Bf5 3. c4 e6 4. Nc3 c6 5. Qb3 Qb6 6. c5 Qxb3 7. axb3 a6 8. b4
Nd7 9. Bf4 Rc8 10. e3 Ngf6 11. h3 h6 12. Nd2 Be7 13. Nb3 Bd8 14. Na5 Bxa5 15.
bxa5 O-O 16. Be2 Ne4 17. Nxe4 Bxe4 18. f3 Bg6 19. Bd6 Rfe8 20. Ra3 e5 21. Kd2
exd4 22. exd4 Nf8 23. Rb3 Ne6 24. Rxb7 Nxd4 25. Bxa6 Ra8 26. Rb6 Rxa6 27. Rxa6
Re2+ 28. Kc3 Nb5+ 29. Kb3 Bd3 30. Ra8+ Kh7 31. Rc1 Rxg2 32. a6 Bc4+ 33. Rxc4
dxc4+ 34. Kxc4 Rxb2 35. Rc8 Na7 36. Rc7 Rc2+ 37. Kd3 1-0

[Event "Titled Tue 1st Jul Early"]
[Site "chess.com INT"]
[Date "2025.07.01"]
[Round "1"]
[White "Mizzi, Jack"]
[Black "Pranav, V"]
[Result "0-1"]
[WhiteTitle "CM"]
[BlackTitle "GM"]
[WhiteElo "2106"]
[BlackElo "2594"]
[WhiteFideId "5602521"]
[BlackFideId "25060783"]
[EventDate "2025.07.01"]

1. d4 Nf6 2. c4 e6 3. Nf3 Bb4+ 4. Nbd2 b6 5. g3 Ba6 6. Qc2 c5 7. Bg2 Bb7 8. O-O
O-O 9. Rd1 cxd4 10. Nxd4 Bxg2 11. Kxg2 Qc8 12. N2f3 h6 13. a3 Be7 14. b4 d6 15.
Bb2 Rd8 16. Rac1 Nbd7 17. Nb5 Ne8 18. Rd3 Qb7 19. Rcd1 Rac8 20. Nxd6 Nxd6 21.
Rxd6 Bxd6 22. Rxd6 Qc7 23. Qc3 Nf6 24. Rxd8+ Rxd8 25. g4 Qf4 26. h3 Qe4 27. Qe5
Qxc4 28. g5 hxg5 29. Qxg5 Rd5 30. Qg3 Nh5 31. Qb8+ Kh7 32. Qxa7 Nf4+ 33. Kg3
Nxe2+ 34. Kg2 Nf4+ 35. Kg3 Nh5+ 36. Kg2 Qe4 37. h4 Rf5 38. Qxb6 Qxf3+ 39. Kg1
Nf4 0-1

[Event "Titled Tue 1st Jul Early"]
[Site "chess.com INT"]
[Date "2025.07.01"]
[Round "1"]
[White "Palczert, Matyas"]
[Black "Mikhailova, Irina"]
[Result "1-0"]
[WhiteTitle "FM"]
[BlackTitle "WGM"]
[WhiteElo "2396"]
[BlackElo "2143"]
[WhiteFideId "784958"]
[BlackFideId "4109040"]
[EventDate "2025.07.01"]

1. b3 Nf6 2. Bb2 d5 3. Nf3 c5 4. e3 a6 5. d4 e6 6. c4 cxd4 7. Nxd4 Nc6 8. Nxc6
bxc6 9. Be2 Bb4+ 10. Bc3 Qa5 11. Bxb4 Qxb4+ 12. Qd2 Qxd2+ 13. Nxd2 Ke7 14. O-O
Bd7 15. Nf3 Ne4 16. Rac1 Rhc8 17. c5 a5 18. Bd3 Nf6 19. Ne5 h6 20. f4 Be8 21.
Nf3 a4 22. b4 a3 23. Nd4 Rcb8 24. Rb1 Ra4 25. Nc2 e5 26. Rb3 e4 27. Be2 Nd7 28.
Rfb1 Nf8 29. Rxa3 Rxa3 30. Nxa3 d4 31. exd4 Ne6 32. Nc2 Nxf4 33. Kf2 Nd5 34. Bc4
Nc3 35. Rb3 Nxa2 36. Re3 f5 37. Bxa2 1-0

[Event "Titled Tue 1st Jul Early"]
[Site "chess.com INT"]
[Date "2025.07.01"]
[Round "1"]
[White "Berg, Vadim Daskevich"]
[Black "Rohit, S"]
[Result "0-1"]
[WhiteTitle "IM"]
[BlackTitle "FM"]
[WhiteElo "2445"]
[BlackElo "2215"]
[WhiteFideId "11601965"]
[BlackFideId "46633847"]
[EventDate "2025.07.01"]

1. e4 c5 2. Nf3 d6 3. Bb5+ Bd7 4. Bxd7+ Nxd7 5. O-O Ngf6 6. Re1 e6 7. d4 cxd4 8.
Nxd4 Rc8 9. b3 a6 10. c4 Be7 11. Bb2 O-O 12. Nc3 Qa5 13. Rc1 Rfe8 14. Kh1 h5 15.
f4 Ng4 16. Qf3 Bf6 17. Red1 g6 18. h3 Nh6 19. f5 exf5 20. exf5 Bxd4 21. fxg6 Re3
22. gxf7+ Nxf7 23. Qf4 Bxc3 24. Rf1 Rf8 25. Rxc3 Rxc3 26. Qd4 Qe5 27. Bxc3 Qxd4
28. Bxd4 Re8 29. Rf4 Re2 30. Kh2 Rxa2 31. Rh4 Nde5 32. Rxh5 Nf3+ 33. Kg3 Nxd4
34. Rd5 Nxb3 35. h4 Nc5 36. h5 Rc2 37. Kg4 a5 38. Kf5 Rxg2 39. Rd1 Rg5+ 40. Kf6
Rxh5 41. Re1 Nd7+ 42. Ke7 Re5+ 43. Rxe5 Ndxe5 44. Ke6 a4 45. c5 dxc5 46. Kd5 a3
47. Ke4 a2 48. Kd5 a1=Q 49. Ke4 c4 50. Kf5 c3 51. Ke6 c2 52. Kd5 c1=Q 53. Ke4
Qc4+ 54. Kf5 Qaf1# 0-1

[Event "Titled Tue 1st Jul Early"]
[Site "chess.com INT"]
[Date "2025.07.01"]
[Round "1"]
[White "Danzer, George"]
[Black "Belov, Alexei"]
[Result "0-1"]
[WhiteTitle "CM"]
[BlackTitle "IM"]
[WhiteElo "2172"]
[BlackElo "2421"]
[WhiteFideId "4659465"]
[BlackFideId "4128206"]
[EventDate "2025.07.01"]

1. e4 e6 2. d4 d5 3. Nc3 Nf6 4. e5 Nfd7 5. Nce2 c5 6. c3 Nc6 7. Nf3 Qb6 8. a3 f6
9. Nf4 Ne7 10. exf6 Nxf6 11. dxc5 Qxc5 12. b4 Qxc3+ 13. Bd2 Qc7 14. Rc1 Qd6 15.
Nd3 Ng6 16. Bc3 Be7 17. Nfe5 O-O 18. Nxg6 hxg6 19. Be5 Qb6 20. Be2 Bd7 21. O-O
g5 22. Nc5 Bc8 23. Bg4 a5 24. Qd2 axb4 25. axb4 Nxg4 26. Bxg7 Kxg7 27. Qd4+ Nf6
28. Nxe6+ Qxe6 0-1

[Event "Titled Tue 1st Jul Early"]
[Site "chess.com INT"]
[Date "2025.07.01"]
[Round "1"]
[White "Esipenko, Andrey"]
[Black "Shinkarev, Mikhailo"]
[Result "1-0"]
[WhiteTitle "GM"]
[BlackTitle "IM"]
[WhiteElo "2679"]
[BlackElo "2109"]
[WhiteFideId "24175439"]
[BlackFideId "4145348"]
[EventDate "2025.07.01"]

1. d4 Nf6 2. Nf3 e6 3. g3 d5 4. Bg2 Be7 5. O-O O-O 6. Bf4 b6 7. c4 Bb7 8. cxd5
Nxd5 9. Nc3 Nxf4 10. gxf4 f5 11. e3 Bf6 12. Qb3 Bd5 13. Nxd5 exd5 14. Ne5 c6 15.
Nxc6 Nxc6 16. Qxd5+ Kh8 17. Qxd8 Raxd8 18. Bxc6 Rc8 19. Rac1 g5 20. fxg5 Bxg5
21. Bf3 Rcd8 22. Rfd1 Rg8 23. Kf1 Rg6 24. Rc6 Bf6 25. Rdc1 Rh6 26. h4 f4 27. h5
fxe3 28. fxe3 Bg5 29. Rc8 Rxc8 30. Rxc8+ Kg7 31. Ke2 Rd6 32. Rc7+ Kh6 33. Rxa7
Re6 34. e4 Bf4 35. e5 Re8 36. Rb7 Rd8 37. Rxb6+ Kg5 38. Rb4 Rc8 39. Be4 h6 40.
Bg6 Rc1 41. a4 Bg3 42. a5 Kf4 43. Ra4 Re1+ 44. Kd2 Re3 45. a6 Be1+ 46. Kd1 Kf3
47. a7 Bf2 48. a8=Q+ Kg3 49. Ra3 1-0

[Event "Titled Tue 1st Jul Early"]
[Site "chess.com INT"]
[Date "2025.07.01"]
[Round "1"]
[White "Stankovic, Boris"]
[Black "Sarana, Alexey"]
[Result "0-1"]
[WhiteTitle "FM"]
[BlackTitle "GM"]
[WhiteElo "2298"]
[BlackElo "2686"]
[WhiteFideId "985317"]
[BlackFideId "24133795"]
[EventDate "2025.07.01"]

1. e4 c5 2. Nf3 d6 3. g3 Nf6 4. d3 g6 5. Bg2 Bg7 6. O-O O-O 7. Re1 e5 8. h3 Nc6
9. Be3 h6 10. c3 b6 11. Nbd2 d5 12. exd5 Nxd5 13. Nc4 Re8 14. Bd2 Bf5 15. Qe2
Nxc3 16. Bxc3 Bxd3 17. Rad1 Bxe2 18. Rxd8 Raxd8 19. Rxe2 e4 20. Nfd2 Bxc3 21.
bxc3 f5 22. g4 Kg7 23. gxf5 gxf5 24. a4 Kf6 25. Kh2 Ne5 26. Nxe5 Rxe5 27. Nc4
Re7 28. Ne3 Rd3 29. c4 Rg7 30. Nd5+ Ke5 31. f3 Rd4 32. f4+ Ke6 33. Ne3 Kf6 34.
Nd5+ Kg6 35. Ne3 Rgd7 36. h4 Rd2 37. Re1 R7d3 38. Kg3 Kf6 39. Bh3 Ra2 40. Bxf5
Rxe3+ 41. Rxe3 Kxf5 42. Re1 Ra3+ 43. Kh2 Rxa4 0-1

[Event "Titled Tue 1st Jul Early"]
[Site "chess.com INT"]
[Date "2025.07.01"]
[Round "1"]
[White "Parfenov, Viktor N."]
[Black "Dyachuk, Artem"]
[Result "0-1"]
[WhiteTitle "CM"]
[BlackTitle "FM"]
[WhiteElo "2193"]
[BlackElo "2305"]
[WhiteFideId "4165969"]
[BlackFideId "34107924"]
[EventDate "2025.07.01"]

1. d4 Nf6 2. Nf3 g6 3. Bg5 Bg7 4. Nbd2 d5 5. e3 O-O 6. Be2 c5 7. c3 Nc6 8. dxc5
a5 9. a4 Nd7 10. Nb3 h6 11. Bh4 g5 12. Bg3 e6 13. Bd6 Re8 14. h4 g4 15. Nfd4 h5
16. f3 gxf3 17. gxf3 Nf6 18. Qc2 Bd7 19. O-O-O Bh6 20. Bf4 Bxf4 21. exf4 Kf8 22.
Rhg1 Ke7 23. Bb5 Rg8 24. Rg5 Qc7 25. Qd2 Raf8 26. Re1 Kd8 27. Bxc6 bxc6 28. c4
dxc4 29. Nxa5 c3 30. Qxc3 Qxf4+ 31. Kb1 Rxg5 32. hxg5 Nd5 33. Qb4 Nxb4 0-1

[Event "Titled Tue 1st Jul Early"]
[Site "chess.com INT"]
[Date "2025.07.01"]
[Round "1"]
[White "Otdelnov, Kirill"]
[Black "Sickmann, Lisa"]
[Result "1-0"]
[WhiteTitle "FM"]
[BlackTitle "WFM"]
[WhiteElo "2273"]
[BlackElo "1961"]
[WhiteFideId "24280216"]
[BlackFideId "16267818"]
[EventDate "2025.07.01"]

1. Nf3 Nf6 2. b3 g6 3. Bb2 Bg7 4. e4 d6 5. Bd3 O-O 6. Nc3 Nc6 7. h3 e5 8. Bc4
Nd4 9. O-O c6 10. Re1 b5 11. Bf1 Ne6 12. d4 exd4 13. Nxd4 Nxd4 14. Qxd4 Nd5 15.
Qd3 Nf4 16. Qf3 Nxh3+ 17. gxh3 b4 18. Na4 Bxb2 19. Nxb2 f5 20. e5 dxe5 21. Rxe5
Qd4 22. Bc4+ Kh8 23. Rae1 Qxb2 24. Qxc6 Rb8 25. Re8 Bb7 26. Rxf8+ Rxf8 27. Qxb7
Qxc2 28. Qe7 1-0

[Event "Titled Tue 1st Jul Early"]
[Site "chess.com INT"]
[Date "2025.07.01"]
[Round "1"]
[White "Aadit, Bhatia"]
[Black "Silva, Mariana"]
[Result "1-0"]
[BlackTitle "WFM"]
[WhiteElo "2101"]
[BlackElo "2039"]
[WhiteFideId "25088955"]
[BlackFideId "1911899"]
[EventDate "2025.07.01"]

1. d4 d5 2. Nf3 Nf6 3. c4 e6 4. Nc3 a6 5. cxd5 exd5 6. g3 Bd6 7. Bg2 O-O 8. O-O
c6 9. Bf4 Bf5 10. Bxd6 Qxd6 11. Ne5 Ne4 12. Nxe4 Bxe4 13. Qb3 Bxg2 14. Kxg2 Nd7
15. Nd3 Qc7 16. Rac1 Nf6 17. e3 Rfe8 18. Rc2 Rac8 19. Rfc1 Nd7 20. Qxd5 cxd5 21.
Rxc7 Rxc7 22. Rxc7 Nb6 23. Rxb7 Nc4 24. b3 Nd2 25. Ra7 h5 26. h4 Rc8 27. Rxa6
Rc2 28. Ra5 Ne4 29. Rxd5 Rd2 30. Kf3 Nf6 31. Rd8+ Kh7 32. Ne5 Rxa2 33. Nxf7 Ng4
34. Rh8+ Kg6 35. Ne5+ Nxe5+ 36. dxe5 Kf5 37. Re8 Ra5 38. e4+ Kg6 39. Kf4 Rb5 40.
f3 Rxb3 41. Re6+ Kf7 42. Ra6 Rb5 43. Kf5 Rc5 44. Ra7+ Kg8 45. f4 Rb5 46. Kg5 Kh7
47. Kxh5 Rb6 48. f5 Rh6+ 49. Kg5 Rb6 50. e6 Rb5 51. g4 Re5 52. h5 Rxe4 53. h6
Re3 54. Rxg7+ Kh8 55. Rf7 Re4 56. Kh5 Re5 57. Kg6 Kg8 58. h7+ Kh8 59. Rf8# 1-0

[Event "Titled Tue 1st Jul Early"]
[Site "chess.com INT"]
[Date "2025.07.01"]
[Round "1"]
[White "Kravtsiv, Martyn"]
[Black "Nikookar, Mahdi"]
[Result "1-0"]
[WhiteTitle "GM"]
[BlackTitle "FM"]
[WhiteElo "2598"]
[BlackElo "2216"]
[WhiteFideId "14113147"]
[BlackFideId "22552987"]
[EventDate "2025.07.01"]

1. e4 e5 2. Nf3 d6 3. d4 Nd7 4. Bc4 c6 5. O-O Be7 6. a4 Ngf6 7. Nc3 O-O 8. Re1
b6 9. d5 Bb7 10. b3 cxd5 11. Nxd5 Nxd5 12. Bxd5 Bxd5 13. Qxd5 Qc7 14. c4 Nc5 15.
b4 Ne6 16. Be3 Rfc8 17. Rec1 Qc6 18. a5 Rab8 19. axb6 axb6 20. g3 g6 21. Ra7 Bf8
22. Kg2 b5 23. c5 dxc5 24. Nxe5 Qxd5 25. exd5 Nd4 26. Nd7 Nb3 27. Rd1 c4 28.
Nxb8 c3 29. Nc6 c2 30. Rc1 Nxc1 31. Bxc1 Bg7 32. Ne7+ 1-0

[Event "Titled Tue 1st Jul Early"]
[Site "chess.com INT"]
[Date "2025.07.01"]
[Round "1"]
[White "Germanovs, Georgijs"]
[Black "Kozionov, Kirill"]
[Result "1-0"]
[WhiteTitle "CM"]
[BlackTitle "IM"]
[WhiteElo "2260"]
[BlackElo "2442"]
[WhiteFideId "11609710"]
[BlackFideId "24101729"]
[EventDate "2025.07.01"]

1. e4 d5 2. exd5 Nf6 3. Nf3 Nxd5 4. d4 g6 5. c4 Nb6 6. Nc3 Bg7 7. h3 O-O 8. Be2
Nc6 9. Be3 e5 10. d5 Ne7 11. O-O Nf5 12. Bc5 Re8 13. Ne4 Nd7 14. Bb4 Nf6 15.
Nxf6+ Bxf6 16. Bc3 e4 17. Nd4 e3 18. Nxf5 Bxf5 19. fxe3 Bxc3 20. bxc3 Qg5 21.
Rf3 Be4 22. Rf2 Qxe3 23. Qd4 Qxd4 24. cxd4 b6 25. Bd1 Bd3 26. Bb3 a5 27. Rd1 Bf5
28. c5 a4 29. Bc4 h5 30. Rdd2 Re1+ 31. Kh2 Rae8 32. g4 hxg4 33. hxg4 Bxg4 34. d6 1-0

[Event "Titled Tue 1st Jul Early"]
[Site "chess.com INT"]
[Date "2025.07.01"]
[Round "1"]
[White "Niraj, Saripalli"]
[Black "Grischuk, Alexander"]
[Result "0-1"]
[WhiteTitle "CM"]
[BlackTitle "GM"]
[WhiteElo "2115"]
[BlackElo "2667"]
[WhiteFideId "5045657"]
[BlackFideId "4126025"]
[EventDate "2025.07.01"]

1. d4 e6 2. e4 d5 3. Bd3 dxe4 4. Bxe4 Nf6 5. Bf3 c5 6. Ne2 Be7 7. Be3 O-O 8.
Nbc3 cxd4 9. Qxd4 Nc6 10. Bxc6 bxc6 11. Qc4 Nd5 12. Qxc6 Nxe3 13. fxe3 Rb8 14.
Rd1 Qa5 15. Qa4 Qg5 16. O-O Qxe3+ 17. Kh1 Rxb2 18. Rd3 Qc5 19. Rg3 Rb4 20. Qa3
Bb7 21. Qc1 Rh4 22. Nf4 Bd6 23. h3 g6 24. Rg4 Bxf4 25. Qxf4 Rxh3+ 0-1

[Event "Titled Tue 1st Jul Early"]
[Site "chess.com INT"]
[Date "2025.07.01"]
[Round "1"]
[White "Den Roover, Nikolay Jorgensen"]
[Black "Mayta Aiza, Maveric"]
[Result "0-1"]
[WhiteTitle "CM"]
[BlackTitle "CM"]
[WhiteElo "2003"]
[BlackElo "2180"]
[WhiteFideId "1557220"]
[BlackFideId "3307336"]
[EventDate "2025.07.01"]

1. Nf3 Nf6 2. g3 g6 3. Bg2 Bg7 4. O-O O-O 5. c4 c6 6. Nc3 d5 7. cxd5 cxd5 8. d4
Nc6 9. Ne5 Nxe5 10. dxe5 Ng4 11. Nxd5 Nxe5 12. e4 e6 13. Nc3 b6 14. f4 Nd3 15.
Be3 Nxb2 16. Qb3 Qd3 17. e5 Qxe3+ 18. Kh1 Rb8 19. Qxb2 Ba6 20. Nb5 Bxb5 21. Qxb5
Rfd8 22. Rfd1 Bf8 23. Qa6 Rxd1+ 24. Rxd1 b5 25. Qc6 Bc5 26. Qc7 Rf8 27. h3 Bb6
28. Qc6 Qxg3 29. Rf1 b4 30. Qc4 Qc3 31. Qb5 Rd8 32. Kh2 Qc5 33. Qa6 Rd2 34. Qb7
Kg7 35. Qb8 Qd5 0-1